| 000 | 00465nam a2200157 i 4500 | ||
|---|---|---|---|
| 001 | 33091 | ||
| 003 | ES-MaACL | ||
| 005 | 20230906154708.0 | ||
| 007 | t| | ||
| 008 | 030201s1967 sp ||||1| spa d | ||
| 100 | 1 |
_aBescos, María Cruz. _928573 |
|
| 245 | 1 | 0 |
_aCara a la vida _b: libro de juventud / _cMaría Cruz Bescos. |
| 260 |
_a[S.l. : _bs.n., _c1967] ( _eZaragoza : _fImp. El Noticiero) |
||
| 300 |
_a167 p. ; _c19 cm. |
||
| 852 |
_aES-MaACL _jC-31682 _bR.62043 |
||
| 999 |
_c33091 _d33091 |
||